Darts - PDC World Champions - Statistics

General Stats
  • This quiz has been taken 762 times
    759 since last reset
  • The average score is 13 of 21
Answer Stats
Hint Answer % Correct
1995 Phil Taylor
95%
1994 Dennis Priestley
72%
1996 Phil Taylor
63%
1997 Phil Taylor
63%
1998 Phil Taylor
63%
1999 Phil Taylor
63%
2000 Phil Taylor
63%
2001 Phil Taylor
63%
2002 Phil Taylor
62%
2004 Phil Taylor
62%
2005 Phil Taylor
61%
2006 Phil Taylor
61%
2009 Phil Taylor
59%
2010 Phil Taylor
59%
2012 Adrian Lewis
57%
2013 Phil Taylor
57%
2011 Adrian Lewis
56%
2003 John Part
55%
2007 Raymond Van Barneveld
55%
2014 Michael Van Gerwen
54%
2008 John Part
48%
No matching quizzes found
Score Distribution
Percent of People with Each Score
Percentile by Number Answered
Your Score History
You have not taken this quiz since the last reset